000 00733cam a2200229 4500
001 ABS62746
008 000000n2000 000 0 eng u
035 _a(Sirsi) u107840
100 _aCheffings, N.
245 _aNecessary implication
260 _c2000
490 _aEstates Gazette
_v(0030) 29 July 2000, 116-117(2)
520 _aLooks at the problems that implied terms in contracts can cause. Considers how easy it is to imply terms and how you can avoid the need to do it. Refers to case law.
590 _aABS
650 _aIMPLIED TERMS
650 _aLANDLORD AND TENANT ACT 1927
650 _aDISPUTES
650 _aEXPRESS TERMS
650 _aLEASES
690 _aPROPERTY-LANDLORD AND TENANT
942 _n0
999 _c64415
_d64415